| 000 | 00457nam a2200169Ia 4500 | ||
|---|---|---|---|
| 008 | 130318s9999 xx 000 0 und d | ||
| 020 | _a8173662851 | ||
| 082 | _a005.133JM HUN/J | ||
| 100 | _aHunter, Jason | ||
| 245 | _aJava Servlet Programming | ||
| 250 | _a2 | ||
| 260 |
_bO'Reilly/Shroff Publishers and Distributors _aBeijing _c2001 |
||
| 300 | _a753 | ||
| 650 | _aCOMPUTER SCIENCE | ||
| 650 | _aJAVA SERVLET PROGRAMMING | ||
| 700 | _aCrawford, William | ||
| 999 |
_c1106 _d1106 |
||